000 00407nam a2200157Ia 4500
008 121001t xxu||||| |||| 00| 0 sin d
041 _asin
080 _ax 8 S 3 (Youth)
_bRAT
245 _aසූර වීර පප්පා - 3
246 _aSura Weera Pappa - 3
260 _aWasana
_aDankotuwa
_c
300 _b64p, ill, 23 cm
942 _cBK
999 _c43058
_d43058
003 LK-CoDNM
040 _aLK-CoDNM
_dLK-CoDNM
_eLK-CoDNM